Schack-Galerie in München
Elmentve itt :
| Dokumentumtípus: | Cikk |
|---|---|
| Megjelent: |
1895
|
| Sorozat: | Kolligátum
|
| Kulcsszavak: | Adolph Friedrich von Schack, München - múzeumi gyűjtemény, Festészeti gyűjtemény - München - kiállítási katalógus |
| Online Access: | http://misc.bibl.u-szeged.hu/23781 |
| LEADER | 00585nab a2200157 i 4500 | ||
|---|---|---|---|
| 001 | misc23781 | ||
| 005 | 20191111110631.0 | ||
| 008 | 171012s1895 hu o 0|| zxx d | ||
| 040 | |a SZTE Miscellanea Repozitórium |b hun | ||
| 041 | |a zxx | ||
| 245 | 0 | 0 | |a Schack-Galerie in München |h [elektronikus dokumentum] |
| 260 | |c 1895 | ||
| 300 | |a 1-109 | ||
| 490 | 0 | |a Kolligátum | |
| 695 | |a Adolph Friedrich von Schack, München - múzeumi gyűjtemény, Festészeti gyűjtemény - München - kiállítási katalógus | ||
| 856 | 4 | 0 | |u http://misc.bibl.u-szeged.hu/23781/1/koll_009_007_001-109.pdf |z Dokumentum-elérés |